[Event "Vitrolles-ch 13th"]
[Site "Vitrolles"]
[Date "2013.02.02"]
[Round "7"]
[White "Joubert, Leo"]
[Black "Parroco, Pierre Jean"]
[Result "1/2-1/2"]
[WhiteElo "1734"]
[BlackElo "1713"]
[PlyCount "49"]
[EventDate "2012.03.09"]
[EventType "swiss"]
[EventRounds "9"]
[EventCountry "FRA"]
[SourceTitle "EXT 2014"]
[Source "ChessBase"]
[SourceDate "2013.11.20"]
[SourceVersion "1"]
[SourceVersionDate "2013.11.20"]
[SourceQuality "1"]

1. d4 d5 2. c4 e6 3. Nc3 Nf6 4. cxd5 exd5 5. Bg5 Be7 6. e3 c6 7. Bd3 h6 8. Bf4 Bd6 9. Bxd6 Qxd6 10. h3 b6 11. Nf3 Ba6 12. 0-0 Bxd3 13. Qxd3 Nbd7 14. Rac1 0-0 15. a3 Rfe8 16. b4 b5 17. Nd2 a5 18. e4 Qf8 19. exd5 cxd5 20. Nxb5 axb4 21. axb4 Qxb4 22. Rb1 Qf8 23. Rb3 Rec8 24. Rfb1 Nb6 25. Nd6 1/2-1/2

[Event "Marseille op 5th"]
[Site "Marseille"]
[Date "2012.12.26"]
[Round "1"]
[White "Joubert, Leo"]
[Black "Loiseau, Quentin"]
[Result "0-1"]
[WhiteElo "1734"]
[BlackElo "2370"]
[PlyCount "90"]
[EventDate "2012.12.26"]
[EventType "swiss"]
[EventRounds "9"]
[EventCountry "FRA"]
[SourceTitle "EXT 2014"]
[Source "ChessBase"]
[SourceDate "2013.11.20"]
[SourceVersion "1"]
[SourceVersionDate "2013.11.20"]
[SourceQuality "1"]

1. d4 Nf6 2. c4 c5 3. Nf3 cxd4 4. Nxd4 b6 5. Nc3 Bb7 6. e3 e6 7. Nf3 Bb4 8. Bd2 0-0 9. Be2 a6 10. 0-0 Qc7 11. a3 Bd6 12. h3 Nc6 13. Bd3 Ne7 14. Qe2 Ng6 15. Ng5 Ne5 16. Nce4 Nxe4 17. Nxe4 Nxd3 18. Qxd3 Bh2+ 19. Kh1 Be5 20. Bb4 Rfc8 21. f4 Bxb2 22. Rab1 Bxe4 23. Qxe4 Bf6 24. Rfd1 Ra7 25. Bd6 Qc6 26. Qxc6 Rxc6 27. c5 Rb7 28. Rb3 Bd8 29. Rdb1 f6 30. e4 Kf7 31. e5 h5 32. g4 hxg4 33. hxg4 g5 34. fxg5 fxe5 35. Rf1+ Kg6 36. Rf8 Bxg5 37. Rg8+ Kf6 38. Rf3+ Bf4 39. g5+ Kf5 40. g6 bxc5 41. g7 Rb1+ 42. Kg2 Rb2+ 43. Kf1 Rxd6 44. Kg1 Ke4 45. Rf1 Rdd2 0-1

[Event "Mislata op-C 45th"]
[Site "Mislata"]
[Date "2011.08.17"]
[Round "4"]
[White "Joubert, Leo"]
[Black "Buenafe Moya, Jesus"]
[Result "0-1"]
[WhiteElo "1764"]
[BlackElo "1874"]
[PlyCount "74"]
[EventDate "2011.08.15"]
[EventType "swiss"]
[EventRounds "9"]
[EventCountry "ESP"]
[SourceTitle "EXT 2014"]
[Source "ChessBase"]
[SourceDate "2013.11.20"]
[SourceVersion "1"]
[SourceVersionDate "2013.11.20"]
[SourceQuality "1"]

1. e4 g6 2. d4 Bg7 3. Be3 d5 4. exd5 Qxd5 5. Nc3 Qa5 6. Bc4 Nh6 7. Qd2 Nf5 8. 0-0-0 c6 9. Nf3 0-0 10. Bf4 Nd7 11. h4 h5 12. Rdg1 Nxd4 13. Nxd4 e5 14. Ne6 fxe6 15. Bxe6+ Kh7 16. Be3 Nc5 17. Bxc8 Raxc8 18. Bxc5 Qxc5 19. Ne4 Qc4 20. Ng5+ Kg8 21. b3 Qd4 22. Qxd4 exd4 23. Nf3 c5 24. Kd2 c4 25. Re1 Bh6+ 26. Kd1 Rc7 27. Re6 cxb3 28. axb3 d3 29. Rxg6+ Kh7 30. Rxh6+ Kxh6 31. cxd3 Rg7 32. Ke2 Rxg2 33. Rg1 Rxg1 34. Nxg1 Rf4 35. Nf3 Rb4 36. d4 Rxb3 37. d5 Rb5 0-1